000 00375nam a2200133Ia 4500
008 220217s9999||||xx |||||||||||||| ||und||
020 _a0-07-053254-0
082 _a005 .13 PEC
100 _aPeck, George
_93361
245 0 _aCrystal reports 9: the complete reference
260 _aTata mcgraw hill
_bNew Delhi
_c2003
300 _b595
650 _aPROGRAMMING LANGUAGE
999 _c171500
_d171500